Pays du Monde commençant par ES, FI, GA, GR, GU, HO - Statistiques

Statistiques générales
  • Ce quiz a été pris 619 fois
  • Le résultat moyen est 12 sur 15
Statistiques - réponses
Réponse % Correct
Finlande
99%
Espagne
98%
Estonie
93%
Hongrie
90%
Fidji
88%
Honduras
86%
Gabon
84%
Guatemala
82%
Guinée
82%
Guinée-Bissau
78%
Guinée Equatoriale
77%
Grèce
72%
Gambie
71%
Guyana
63%
Grenade
59%
Aucun quiz correspondant
Distribution des résultats
% des personnes avec chaque résultat
Percentile par nombre de réponses
Votre historique - résultats
Vous n’avez pas pris ce quiz